logo

Bir Sreshtho Munshi Abdur Rouf Library
Jhenaidah Cadet College

INDIA : (Record no. 7839)

MARC details
000 -LEADER
fixed length control field 00870nam a2200265 a 4500
001 - CONTROL NUMBER
JCCL Control Number 7839
003 - CONTROL NUMBER IDENTIFIER
JCCL marc code BD - JhCC
005 - DATE AND TIME OF LATEST TRANSACTION
control field 20180214134206.0
008 - FIXED-LENGTH DATA ELEMENTS--GENERAL INFORMATION
fixed length control field 500101s1986 ii b 000 0 eng d
020 ## - INTERNATIONAL STANDARD BOOK NUMBER
International Standard Book Number 8120201604 :
Terms of availability Rs150.00
035 ## - SYSTEM CONTROL NUMBER
system control number (BD - JhCC)7839
040 ## - CATALOGING SOURCE
Original cataloging agency DLC
Transcribing agency DLC
Modifying agency m/c
-- BD - JhCC
041 ## - LANGUAGE CODE
Language code of Book eng
050 #0 - LIBRARY OF CONGRESS CALL NUMBER
Classification number DS480.82
Item number .L34 1986
082 ## - DEWEY DECIMAL CLASSIFICATION NUMBER
Classification number 954.03/59
DDC Edition number 19
Author mark and Year LAL 1986
100 1# - MAIN ENTRY--PERSONAL NAME
Personal name Lal, Ramji,
Dates associated with a name 1947-
245 10 - TITLE STATEMENT
Title INDIA :
Remainder of title A reference Annual 1971 - 72 /
Statement of responsibility, etc Ramji Lal
260 ## - PUBLICATION, DISTRIBUTION, ETC. (IMPRINT)
Place of publication, distribution, etc Delhi :
Name of publisher, distributor, etc Ajanta Publications (India) ;
Place of publication, distribution, etc Delhi :
Name of publisher, distributor, etc Distributor, Ajanta Books International,
Date of publication, distribution, etc 1986
300 ## - PHYSICAL DESCRIPTION
Pagination xiv, 307 p. ;
Dimensions 23 cm.
500 ## - GENERAL NOTE
General note Revision of the author's thesis (Ph. D.--Kurukshetra University, 1979)
504 ## - BIBLIOGRAPHY, ETC. NOTE
Bibliography, etc Bibliography: p. [276]-307.
651 #0 - SUBJECT ADDED ENTRY--GEOGRAPHIC NAME
Geographic name India
General subdivision Politics and government
Chronological subdivision 1919-1947
942 ## - ADDED ENTRY ELEMENTS (KOHA)
Source of classification or shelving scheme Dewey Decimal Classification
Koha item type Books
Holdings
Source of classification or shelving scheme Damaged status Not for loan Home library Current library Shelving location Total Checkouts Full call number Barcode Date last seen Copy number Koha item type
Dewey Decimal Classification     JCC Rouf Library JCC Rouf Library General Stacks   954.03/59 LAL 1986 10412 02/14/2018 C - 1 Books

JCC Library | Contacts | JCC Home

Last Update on 23 September 2017
Copyright @ 2017-2020 JCC Rouf Library
Rouf Library, Jhenidah Cadet College (JCC), Bangladesh